|
|
|
|
| LEADER |
00000nab a2200000 a 4500 |
| 001 |
vtls000746160 |
| 003 |
SK-MaSNL |
| 005 |
20260304115335.0 |
| 008 |
250429c2000 xo 0 slo |
| 015 |
|
|
|a SNBRB2001/02-04988
|
| 035 |
|
|
|a CLN000097992
|
| 035 |
|
|
|a urn:nbn:sk:snk-ab72hg
|
| 035 |
|
|
|a (uuid)1830e1f7-8bea-488a-9b50-035eecdeb4b5
|
| 035 |
|
|
|a (urnnbn)urn:nbn:sk:snk:ar-a06pzw
|
| 035 |
|
|
|a (sysno)vtls000746160
|
| 040 |
|
|
|a SNKBUCL
|b slo
|c SNKBUCL
|e AACR2
|
| 041 |
0 |
|
|a slo
|
| 044 |
|
|
|a xo
|c SK
|
| 080 |
|
|
|a 930.25:061.2(437.6):33
|2 1997
|
| 100 |
1 |
|
|a Kačkovičová, Mária
|4 aut
|9 562994
|
| 245 |
1 |
0 |
|a Správa o stave hospodárenia s finančnými prostriedkami Spoločnosti slovenských archivárov za obdobie od 16. októbra 1998 do 30. septembra 2000
|c Mária Kačkovičová
|
| 610 |
2 |
7 |
|a Spoločnosť slovenských archivárov
|2 snkbucl
|9 97762
|
| 648 |
|
7 |
|a 1998-2000
|2 snkbucl
|9 300067
|
| 650 |
0 |
7 |
|a hospodárenie
|2 snkbucl
|9 322275
|
| 655 |
|
7 |
|a správy
|2 snkbucl
|9 70563
|
| 655 |
|
7 |
|a články z novín a časopisov
|2 snkbucl
|9 267496
|
| 773 |
0 |
|
|t Fórum archivárov
|g Roč. 11, č. 8 (2000), s. 12-15
|x 1335-6658
|
| 850 |
|
|
|a Slovenská národná knižnica
|
| 852 |
|
|
|a Slovenská národná knižnica
|
| 954 |
|
|
|a odborná, vedecká literatúra pôvodná (slovenská)
|2 lita
|
| 958 |
|
|
|a article27
|
| 958 |
|
|
|a OND
|
| 958 |
|
|
|a EUIPO
|
| 992 |
|
|
|a RBX
|
| 999 |
|
|
|c 2875639
|d 2877569
|